Bambi - Characters by Picture - Statistics

General Stats
  • This quiz has been taken 46 times
  • The average score is 5 of 17
Answer Stats
Picture Answer % Correct
Bambi
100%
Thumper
77%
Flower
62%
Bambi's Mother
54%
Great Prince of the Forest
42%
Faline
38%
Ronno
27%
Friend Owl
15%
The Pheasant
15%
The Groundhog
12%
Mr. Mole
8%
The Porcupine
8%
Aunt Ena
4%
Mrs. Possum
4%
Mrs. Rabbit
4%
Mena
0%
Miss Bunny
0%
No matching quizzes found
Score Distribution
Percent of People with Each Score
Percentile by Number Answered
Your Score History
You have not taken this quiz